Normal view
MARC view
Entry Personal Name
001 - CONTROL NUMBER
- control field: 47282
003 - CONTROL NUMBER IDENTIFIER
- control field: OSt
005 - DATE AND TIME OF LATEST TRANSACTION
- control field: 20240830150651.0
008 - FIXED-LENGTH DATA ELEMENTS
- fixed length control field: 240830|| aca||aabn | a|a d
040 ## - CATALOGING SOURCE
- Original cataloging agency: OSt
- Transcribing agency: OSt
100 ## - HEADING--PERSONAL NAME
- Personal name: Carliner, Geoffrey
670 ## - SOURCE DATA FOUND
- Source citation: Work cat.: (OSt): Carliner, Geoffrey , Norberg, Johan. The capitalist manifesto: Why the global free market will save the world
